Statistics for Name these Baki characters

Click here to take the quiz!

General Stats

  • This quiz has been taken 128 times
  • The average score is 6 of 8

Answer Stats

HintAnswer% Correct
Son of the OgreBaki Hanma
100%
The Ogre him selfeYujiro Hanma
95%
Was in Ice for too longPickle
82%
Big black manBiscuit Oliva
76%
On trenjack Hanma
71%
Eye patchDoppo Orochi
69%
19 year old giantHanayama
51%
Bro thinks he a airbenderRyuko Yanagi
13%

Score Distribution

Percentile by Number Answered

Percent of People with Each Score

Your Score History

You have not taken this quiz